000 01093nam a2200265 a 4500
003 EG-GiCUC
005 20250223025909.0
008 090714s1997 ua d f m 000 0 ara d
040 _aEG-GiCUC
_bara
_cEG-GiCUC
041 0 _aara
049 _aايداع
097 _aماجستير
099 _aCai01.02.06.M.A.1997.اح.ت
100 0 _aاحمد عوض جنيدى رشوان
245 1 2 _aالتناص فى القصة القصيرة المعاصرة /
_cاحمد عوض جنيدى رشوان ؛ اشراف طه وادى : محمد بريرى
260 _aالقاهرة :
_bاحمد عوض جنيدى رشوان :
_c1997
300 _a214 ورقة :
_bرسوم بيانية ؛
_c30سم
502 _aاطروحة (ماجستير) - جامعة القاهرة - فرع بنى سويف - كلية الاداب - قسم اللغة العربية وآدابها
700 0 _aطه وادى :
_eمشرف
700 0 _aمحمد بريرى :
_eمشرف
856 _uhttp://172.23.153.220/th.pdf
905 _aEnas
_eCataloger
905 _aMustafa
_eRevisor
942 _2ddc
_cTH
999 _c23089
_d23089